[Event "Linares 72/399"]
[Site "?"]
[Date "1998.??.??"]
[Round "?"]
[White "Topalov, Veselin"]
[Black "Kramnik, Vladimir"]
[Result "0-1"]
[WhiteElo "2740"]
[BlackElo "2790"]
[PlyCount "96"]
[EventDate "1998.??.??"]
[Source "ChessBase"]
[SourceDate "1998.02.01"]

1. d4 Nf6 2. c4 e6 3. Nf3 d5 4. Nc3 Be7 5. Bg5 h6 6. Bh4 O-O 7. e3 b6 8. Be2 Bb7 9. Bxf6 Bxf6 10. cxd5 exd5 11. b4 c6 12. O-O a5 13. b5 c5 14. Re1 Re8 15. Rc1 Nd7 16. g3 Nf8 17. Na4 c4 18. Bf1 Qd6 19. Bg2 Rad8 20. h4 Ne6 21. Nc3 g6 22. Nd2 Ba8 23. h5 g5 24. Nf1 Be7 25. g4 Qd7 26. Ng3 Ng7 27. Bh3 Bb4 28. a4 Bb7 29. Qc2 Bd6 30. Nf5 Nxf5 31. gxf5 Bb4 32. Kg2 Qd6 33. f3 Re7 34. Re2 Rde8 35. Rce1 Qf6 36. Bg4 Bd6 37. Qd1 Bb4 38. Qc2 Rd8 39. Rd1 Bc8 40. e4 Bxc3 41. e5 Rxe5 42. dxe5 Bxe5 43. Rde1 Bc7 44. Re8+ Kg7 45. Rxd8 Bxd8 46. Rd1 Bb7 47. f4 d4+ 48. Bf3 d3 0-1

[Event "WM Moskau (38)"]
[Site "WM Moskau (38)"]
[Date "1985.??.??"]
[Round "?"]
[White "Kasparov, Gary"]
[Black "Karpov, Anatoly"]
[Result "1/2-1/2"]
[WhiteElo "2715"]
[BlackElo "2720"]
[PlyCount "52"]
[EventDate "1985.??.??"]
[Source "www.chesslib.no"]
[SourceDate "2004.05.04"]

1. d4 Nf6 2. c4 e6 3. Nf3 d5 4. Nc3 Be7 5. Bg5 h6 6. Bh4 O-O 7. e3 b6 8. Be2 Bb7 9. Bxf6 Bxf6 10. cxd5 exd5 11. b4 c5 12. bxc5 bxc5 13. Rb1 Bc6 14. O-O Nd7 15. Bb5 Qc7 16. Qc2 Rfd8 17. Rfc1 Rab8 18. a4 Qd6 19. dxc5 Nxc5 20. Bxc6 Qxc6 21. Nb5 Be7 22. Qf5 Qe8 23. Ne5 Rb7 24. Nd4 Rc7 25. Nb5 Rb7 26. h3 Bf8 1/2-1/2

[Event "Unknown"]
[Site "Unknown"]
[Date "1985.??.??"]
[Round "?"]
[White "Karpov, Anatoly"]
[Black "Kasparov, Gary"]
[Result "1/2-1/2"]
[WhiteElo "2720"]
[BlackElo "2715"]
[PlyCount "32"]
[EventDate "1985.??.??"]
[Source "www.chesslib.no"]
[SourceDate "2004.05.04"]

1. d4 d5 2. c4 e6 3. Nc3 Be7 4. Nf3 Nf6 5. Bg5 h6 6. Bh4 O-O 7. e3 b6 8. Be2 Bb7 9. Bxf6 Bxf6 10. b4 c5 11. Rb1 Bc6 12. O-O Nd7 13. Qd3 Rb8 14. h3 a5 15. Rb2 a4 16. Nd1 g5 1/2-1/2

[Event "17, WM Moskau [i 38/(574)"]
[Site "17, WM Moskau [i 38/(574)"]
[Date "1984.??.??"]
[Round "?"]
[White "Karpov, Anatoly"]
[Black "Kasparov, Gary"]
[Result "1/2-1/2"]
[WhiteElo "2700"]
[BlackElo "2710"]
[PlyCount "46"]
[EventDate "1984.??.??"]
[Source "www.chesslib.no"]
[SourceDate "2004.05.04"]

1. Nf3 d5 2. d4 Nf6 3. c4 e6 4. Nc3 Be7 5. Bg5 h6 6. Bh4 O-O 7. e3 b6 8. Be2 Bb7 9. O-O Nbd7 10. Rc1 c5 11. Bg3 a6 12. cxd5 Nxd5 13. Nxd5 Bxd5 14. dxc5 Nxc5 15. b4 Ne4 16. Bc7 Qe8 17. a3 a5 18. Bd3 axb4 19. axb4 Bxb4 20. Bxe4 Bxe4 21. Qd4 Bxf3 22. Qxb4 Be2 23. Rfe1 Qb5 1/2-1/2

[Event "19 (65 Wch31-KK1 Moscow"]
[Site "19 (65 Wch31-KK1 Moscow"]
[Date "1984.??.??"]
[Round "?"]
[White "Karpov, Anatoly"]
[Black "Kasparov, Gary"]
[Result "1/2-1/2"]
[WhiteElo "2700"]
[BlackElo "2710"]
[PlyCount "97"]
[EventDate "1984.??.??"]
[Source "www.chesslib.no"]
[SourceDate "2004.05.04"]

1. Nf3 d5 2. d4 Nf6 3. c4 e6 4. Bg5 Be7 5. Nc3 h6 6. Bh4 O-O 7. e3 b6 8. Be2 Bb7 9. Bxf6 Bxf6 10. cxd5 exd5 11. O-O Nd7 12. b4 c5 13. bxc5 bxc5 14. Rb1 Bc6 15. Bb5 Qc7 16. Qc2 Rfd8 17. Rfc1 Rab8 18. a4 Qd6 19. dxc5 Nxc5 20. Bxc6 Qxc6 21. Nb5 Be7 22. Nxa7 Qa6 23. Nb5 Qxa4 24. Qxa4 Nxa4 25. Nfd4 Rd7 26. Nc6 Rb6 27. Nbd4 Bf6 28. Rxb6 Nxb6 29. Rb1 Na4 30. g3 Nc5 31. Kg2 g6 32. Nf3 Rd6 33. Ncd4 Ne6 34. Rb8+ Kg7 35. Nb3 Rd7 36. Rb5 Bc3 37. Nc1 Ng5 38. Ne2 Ne4 39. Rb3 Rc7 40. Rb5 Rd7 41. Nf4 Nf6 42. h3 h5 43. Rb3 Ne4 44. Ra3 Kg8 45. Ra4 Nf6 46. g4 hxg4 47. hxg4 Nxg4 48. Ne2 d4 49. Ra5 1/2-1/2

[Event "Moscow Wch"]
[Site "?"]
[Date "1984.??.??"]
[Round "?"]
[White "Kasparov, Gary"]
[Black "Karpov, Anatoly"]
[Result "1/2-1/2"]
[WhiteElo "2710"]
[BlackElo "2700"]
[PlyCount "141"]
[EventDate "1984.??.??"]
[Source "www.chesslib.no"]
[SourceDate "2004.05.04"]

1. d4 Nf6 2. c4 e6 3. Nf3 d5 4. Nc3 Be7 5. Bg5 h6 6. Bh4 O-O 7. e3 b6 8. Be2 Bb7 9. Bxf6 Bxf6 10. cxd5 exd5 11. b4 c5 12. bxc5 bxc5 13. Rb1 Qa5 14. Qd2 cxd4 15. Nxd4 Bxd4 16. exd4 Bc6 17. Nb5 Qd8 18. O-O a6 19. Na3 Re8 20. Nc2 Rxe2 21. Qxe2 Bb5 22. Rxb5 axb5 23. Qxb5 Rxa2 24. Ne3 Ra5 25. Qb7 Qe8 26. Nxd5 Rb5 27. Qa8 Qd7 28. Nc3 Rb4 29. d5 Qc7 30. Nd1 Rb5 31. Ne3 Qa5 32. Qxa5 Rxa5 33. Rd1 Nd7 34. g4 g6 35. Kg2 Ra4 36. h3 Kg7 37. d6 Ra6 38. f4 Rc6 39. h4 Kf8 40. g5 hxg5 41. hxg5 f5 42. Rd4 Kf7 43. Nc4 Ke6 44. Kf3 Rc5 45. Ke3 Rb5 46. Kd2 Rd5 47. Rxd5 Kxd5 48. Ne5 Kxd6 49. Nxg6 Nc5 50. Nh4 Ke6 51. Ke3 Ne4 52. Nf3 Kf7 53. Kd4 Ke6 54. Kc4 Nf2 55. Kd4 Ne4 56. Ne1 Kd6 57. Nc2 Nc5 58. Ke3 Ne6 59. Nd4 Ng7 60. Kd2 Kc5 61. Kd3 Kd5 62. Ne2 Nh5 63. Ke3 Ng7 64. Ng3 Kd6 65. Kf3 Ke7 66. Ne2 Ne6 67. Ng3 Ng7 68. Nf1 Kf7 69. Ne3 Kg6 70. Nd5 Ne6 71. Nc3 1/2-1/2

[Event "25, WM Moskau [i 38/(577)"]
[Site "25, WM Moskau [i 38/(577)"]
[Date "1984.??.??"]
[Round "?"]
[White "Karpov, Anatoly"]
[Black "Kasparov, Gary"]
[Result "1/2-1/2"]
[WhiteElo "2700"]
[BlackElo "2710"]
[PlyCount "44"]
[EventDate "1984.??.??"]
[Source "www.chesslib.no"]
[SourceDate "2004.05.04"]

1. Nf3 d5 2. d4 Nf6 3. c4 e6 4. Nc3 Be7 5. Bg5 h6 6. Bh4 O-O 7. e3 b6 8. Rc1 Bb7 9. Be2 Nbd7 10. cxd5 exd5 11. O-O c5 12. dxc5 bxc5 13. Rc2 Rc8 14. Rd2 Qb6 15. Qb3 Rfd8 16. Rfd1 Qxb3 17. axb3 Nb6 18. Ne5 Kf8 19. h3 a6 20. Bf3 Ba8 21. Ng4 Ng8 22. Bxe7+ Nxe7 1/2-1/2

[Event "31, WM Moskau [i 38/577; YB 3/"]
[Site "31, WM Moskau [i 38/577; YB 3"]
[Date "1984.??.??"]
[Round "?"]
[White "Karpov, Anatoly"]
[Black "Kasparov, Gary"]
[Result "1/2-1/2"]
[WhiteElo "2700"]
[BlackElo "2710"]
[PlyCount "72"]
[EventDate "1984.??.??"]
[Source "www.chesslib.no"]
[SourceDate "2004.05.04"]

1. Nf3 d5 2. d4 Nf6 3. c4 e6 4. Nc3 Be7 5. Bg5 h6 6. Bh4 O-O 7. e3 b6 8. Rc1 Bb7 9. Be2 Nbd7 10. cxd5 exd5 11. O-O c5 12. Qa4 a6 13. dxc5 bxc5 14. Rfd1 Qb6 15. Qb3 Qa7 16. Bg3 Rad8 17. Ne1 d4 18. exd4 cxd4 19. Na4 Rc8 20. Rxc8 Rxc8 21. Bc4 Rf8 22. Qd3 Bc6 23. Bb3 Ne4 24. Qxd4 Qb7 25. Bd5 Ndf6 26. Bxc6 Qxc6 27. b3 Re8 28. Qd3 h5 29. Qc4 Qb7 30. Nf3 Rc8 31. Qe2 Ng4 32. Ne5 Nxg3 33. hxg3 Qb5 34. Nc4 Bf6 35. Nab6 Re8 36. Qf3 Bd4 1/2-1/2

[Event "Moscow Wch"]
[Site "?"]
[Date "1984.??.??"]
[Round "?"]
[White "Kasparov, Gary"]
[Black "Karpov, Anatoly"]
[Result "1/2-1/2"]
[WhiteElo "2710"]
[BlackElo "2700"]
[PlyCount "53"]
[EventDate "1984.??.??"]
[Source "www.chesslib.no"]
[SourceDate "2004.05.04"]

1. d4 Nf6 2. c4 e6 3. Nf3 d5 4. Nc3 Be7 5. Bg5 h6 6. Bh4 O-O 7. e3 b6 8. Be2 Bb7 9. Bxf6 Bxf6 10. cxd5 exd5 11. b4 c5 12. bxc5 bxc5 13. Rb1 Bc6 14. O-O Nd7 15. Bb5 Qc7 16. Qc2 Rfc8 17. Rfc1 Bxb5 18. Nxb5 Qc6 19. dxc5 Nxc5 20. Qf5 Qe6 21. Nfd4 Qxf5 22. Nxf5 Ne6 23. Rxc8+ Rxc8 24. Nxa7 Rc2 25. Nb5 Rxa2 26. h3 Ra5 27. Rb2 1/2-1/2

[Event "Wch Moscow"]
[Site "Moscow"]
[Date "1985.??.??"]
[Round "?"]
[White "Kasparov, G."]
[Black "Karpov, An"]
[Result "1/2-1/2"]
[WhiteElo "2700"]
[BlackElo "2705"]
[PlyCount "105"]
[EventDate "1985.??.??"]
[Source "www.chesslib.no"]
[SourceDate "2004.05.04"]

1. d4 Nf6 2. c4 e6 3. Nf3 d5 4. Nc3 Be7 5. Bg5 h6 6. Bh4 O-O 7. e3 b6 8. Be2 Bb7 9. cxd5 exd5 10. Bxf6 Bxf6 11. b4 c5 12. bxc5 bxc5 13. Rb1 Qa5 14. Qd2 cxd4 15. Nxd4 Bxd4 16. exd4 Bc6 17. Nb5 Qd8 18. O-O a6 19. Na3 Re8 20. Nc2 Rxe2 21. Qxe2 Bb5 22. Rxb5 axb5 23. Qxb5 Rxa2 24. Ne3 Ra5 25. Qb7 Qe8 26. Nxd5 Rb5 27. Qa8 Qd7 28. Nc3 Rb4 29. d5 Qc7 30. Nd1 Rb5 31. Ne3 Qa5 32. Qxa5 Rxa5 33. Rd1 Nd7 34. g4 g6 35. Kg2 Ra4 36. h3 Kg7 37. d6 Ra6 38. f4 Rc6 39. h4 Kf8 40. g5 hxg5 41. hxg5 f5 42. Rd3 Kf7 43. Ng4 Nf8 44. Kf3 Rc5 45. Kg2 Rb5 46. d7 Rd5 47. Kf2 Rd6 48. Rd2 Rd4 49. Ke1 Ke6 50. d8=R Ra4 51. Ke2 Ra5 52. Rd1 Ra1 53. Re1 1/2-1/2

[Event "Tilburg"]
[Site "?"]
[Date "1994.??.??"]
[Round "?"]
[White "Karpov, An"]
[Black "Georgiev, Ki"]
[Result "1-0"]
[WhiteElo "2780"]
[BlackElo "2615"]
[PlyCount "67"]
[EventDate "1994.??.??"]
[Source "ChessBase"]
[SourceDate "1994.06.01"]

1. d4 Nf6 2. c4 e6 3. Nf3 d5 4. Nc3 Be7 5. Bg5 h6 6. Bh4 O-O 7. e3 b6 8. Be2 Bb7 9. Bxf6 Bxf6 10. cxd5 exd5 11. b4 c6 12. O-O Qd6 13. Qb3 Nd7 14. Rfe1 Be7 15. Rab1 a5 16. bxa5 Rxa5 17. a4 Re8 18. Bf1 Bf8 19. Qc2 g6 20. e4 dxe4 21. Nxe4 Qf4 22. Bc4 Bg7 23. Re2 c5 24. d5 Raa8 25. Rbe1 Rad8 26. Qb3 Ba8 27. g3 Qb8 28. d6 Rf8 29. Bxf7+ Rxf7 30. Neg5 hxg5 31. Nxg5 Rdf8 32. Re8 Qxd6 33. Qxf7+ Kh8 34. Ne6 1-0

[Event "Reggio Emilia"]
[Site "?"]
[Date "1991.??.??"]
[Round "?"]
[White "Karpov, An"]
[Black "Beliavsky, A."]
[Result "1-0"]
[WhiteElo "2730"]
[BlackElo "2655"]
[PlyCount "82"]
[EventDate "1991.??.??"]
[Source "ChessBase"]
[SourceDate "1991.10.01"]

1. d4 Nf6 2. c4 e6 3. Nf3 d5 4. Nc3 Be7 5. Bg5 O-O 6. e3 h6 7. Bh4 b6 8. Be2 Bb7 9. Bxf6 Bxf6 10. cxd5 exd5 11. O-O Qe7 12. Qb3 Rd8 13. Rad1 c6 14. Rfe1 Bc8 15. Qc2 c5 16. e4 dxe4 17. Nxe4 Nc6 18. dxc5 Bf5 19. Nxf6+ Qxf6 20. Qc1 Nb4 21. cxb6 axb6 22. Rxd8+ Rxd8 23. a3 Rc8 24. Qf4 Nd3 25. Bxd3 Bxd3 26. Qxf6 gxf6 27. h3 Rc2 28. Re3 Bc4 29. Rc3 Rxc3 30. bxc3 Kf8 31. Nd2 Ba6 32. f3 Ke7 33. Kf2 Kd6 34. Ke3 Kd5 35. h4 Ke5 36. c4 Bc8 37. g3 Be6 38. Kd3 Bf5+ 39. Ne4 Bd7 40. Nf2 Bf5+ 41. Kc3 Bd7 1-0

[Event "Deutschland"]
[Site "?"]
[Date "2004.11.14"]
[Round "2.1"]
[White "Ivanchuk Vassily"]
[Black "Kasimdzhanov Rustam"]
[Result "1-0"]
[WhiteElo "2705"]
[BlackElo "2650"]
[PlyCount "109"]
[EventDate "2004.??.??"]
[Source "www.chesslib.no"]
[SourceDate "2004.05.04"]

1. d4 Nf6 2. c4 e6 3. Nf3 d5 4. Nc3 Be7 5. Bg5 h6 6. Bh4 O-O 7. e3 b6 8. Be2 Bb7 9. Bxf6 Bxf6 10. cxd5 exd5 11. b4 c6 12. O-O Re8 13. Qb3 Qd6 14. a4 Nd7 15. a5 b5 16. Bd3 Rad8 17. Rab1 Nf8 18. Rfc1 Ne6 19. Ne2 g6 20. Qc3 a6 21. Rc2 Rc8 22. Nc1 Nf8 23. Nb3 Nd7 24. Bf1 Rc7 25. Ne1 Bc8 26. Nd3 Nb8 27. Ndc5 Rce7 28. Rbc1 h5 29. Qd2 h4 30. Rc3 Bg7 31. Be2 g5 32. Nd3 Re6 33. Bg4 Rg6 34. Qd1 Bxg4 35. Qxg4 Qe6 36. Qh5 Qf5 37. Nbc5 Rh6 38. Qf3 Qc8 39. h3 f5 40. Ne5 Bxe5 41. dxe5 Rxe5 42. Qd1 Qe8 43. Qd4 Rg6 44. f4 Re7 45. R1c2 Reg7 46. Nd3 Re6 47. Ne5 g4 48. hxg4 fxg4 49. e4 dxe4 50. Rd2 Qf8 51. Qxe4 Nd7 52. Rxc6 Rxc6 53. Nxc6 Qf7 54. Ne5 Qe6 55. Nxd7 1-0

[Event "Tripoli (Libya)"]
[Site "?"]
[Date "2004.06.23"]
[Round "3"]
[White "Ivanchuk Vassily"]
[Black "Kasimdzhanov Rustam"]
[Result "1/2-1/2"]
[WhiteElo "2705"]
[BlackElo "2650"]
[PlyCount "52"]
[EventDate "2004.??.??"]
[Source "www.chesslib.no"]
[SourceDate "2004.05.04"]

1. d4 d5 2. c4 e6 3. Nc3 Be7 4. Nf3 Nf6 5. Bg5 h6 6. Bh4 O-O 7. e3 b6 8. Bd3 Nbd7 9. O-O Bb7 10. Bg3 c5 11. cxd5 Nxd5 12. Nxd5 Bxd5 13. Qe2 Ne5 14. Ba6 Qc8 15. e4 Nd3 16. Be5 f6 17. Bf4 e5 18. Rfe1 g6 19. Bxe5 cxd4 20. Bd6 Rd8 21. Be5 fxe5 22. b3 Bc4 23. bxc4 Qd7 24. Nxd4 Bf6 25. Rac1 Kf7 26. Rc3 Rac8 1/2-1/2

[Event "EU-chT (Men)"]
[Site "Pula"]
[Date "1997.??.??"]
[Round "9"]
[White "Jussupow, Artur"]
[Black "Short, Nigel D"]
[Result "1/2-1/2"]
[WhiteElo "2665"]
[BlackElo "2690"]
[PlyCount "51"]
[EventDate "1997.05.05"]
[Source "ChessBase"]

1. d4 Nf6 2. c4 e6 3. Nf3 d5 4. Nc3 Be7 5. Bg5 h6 6. Bh4 O-O 7. e3 b6 8. Be2 Bb7 9. O-O Nbd7 10. Rc1 dxc4 11. Bxc4 c5 12. Qe2 cxd4 13. Nxd4 a6 14. Rfd1 Qe8 15. a3 b5 16. Ba2 Rc8 17. Bb1 Nb6 18. e4 Nfd7 19. Bg3 Bg5 20. Rc2 Nc4 21. e5 Nxb2 22. Rxb2 Rxc3 23. a4 Qc8 24. axb5 Rd8 25. h4 Be7 26. Rc2 1/2-1/2

[Event "Villarrobledo op"]
[Site "Villarrobledo"]
[Date "1998.08.22"]
[Round "4"]
[White "Anand, Viswanathan"]
[Black "Ljubojevic, Ljubomir"]
[Result "1-0"]
[WhiteElo "2795"]
[BlackElo "2550"]
[PlyCount "103"]
[EventDate "1998.08.??"]
[Source "www.chesslib.no"]
[SourceDate "2004.05.04"]

1. d4 d5 2. c4 e6 3. Nc3 Nf6 4. Bg5 Be7 5. e3 h6 6. Bh4 O-O 7. Nf3 b6 8. Rc1 Bb7 9. Bxf6 Bxf6 10. cxd5 exd5 11. b4 a6 12. Be2 Re8 13. O-O Nd7 14. Qb3 Nf8 15. Rfd1 Qd6 16. b5 a5 17. Bf1 Rad8 18. g3 h5 19. Bg2 h4 20. Ne2 hxg3 21. hxg3 Ne6 22. Nf4 Ng5 23. Rc2 Nxf3+ 24. Bxf3 Bg5 25. Ne2 g6 26. Rdc1 Rd7 27. Rc3 Kg7 28. Qc2 Bd8 29. Nf4 Rh8 30. Qd3 Rh6 31. a3 Re7 32. Bg2 Re8 33. Qd1 Reh8 34. Nd3 Qd7 35. a4 Rh2 36. Qf3 Qe6 37. Ne5 R2h5 38. Qxf7+ Qxf7 39. Nxf7 Kxf7 40. Rxc7+ Bxc7 41. Rxc7+ Kf6 42. Rxb7 Rc8 43. Rxb6+ Kf7 44. Bf3 Rc1+ 45. Kg2 Rhh1 46. Bxd5+ Kg7 47. Rb7+ Kh6 48. Kf3 Rh2 49. b6 Rc2 50. Rb8 Rhxf2+ 51. Kg4 Rf5 52. b7 1-0

[Event "Ch World (match)"]
[Site "Ch World (match)"]
[Date "1981.??.??"]
[Round "1"]
[White "Korchnoi, Viktor L"]
[Black "Karpov, Anatoly"]
[Result "0-1"]
[WhiteElo "2650"]
[BlackElo "2690"]
[PlyCount "38"]
[EventDate "1981.??.??"]
[Source "www.chesslib.no"]
[SourceDate "2004.05.04"]

1. c4 e6 2. Nc3 d5 3. d4 Be7 4. Nf3 Nf6 5. Bg5 h6 6. Bh4 O-O 7. e3 b6 8. Rc1 Bb7 9. Be2 Nbd7 10. cxd5 exd5 11. O-O c5 12. dxc5 bxc5 13. Qc2 Nh5 14. Qa4 a6 15. Bd3 Qb6 16. a3 c4 17. Kh1 Bd8 18. Qb4 Rb8 19. Qd6 Qxd6 0-1

[Event "Corr"]
[Site "?"]
[Date "1999.11.03"]
[Round "?"]
[White "Bang Erik (DEN)"]
[Black "Tarnowiecki Harald"]
[Result "0-1"]
[WhiteElo "2661"]
[BlackElo "2676"]
[PlyCount "104"]
[EventDate "1999.??.??"]
[Source "www.chesslib.no"]
[SourceDate "2004.05.04"]

1. d4 Nf6 2. c4 e6 3. Nf3 d5 4. Nc3 Be7 5. Bg5 O-O 6. e3 h6 7. Bh4 b6 8. Rc1 Bb7 9. Bxf6 Bxf6 10. cxd5 exd5 11. Bd3 c5 12. O-O Na6 13. Bb1 Re8 14. Qa4 g6 15. Rfd1 cxd4 16. exd4 Nc7 17. Bd3 Kg7 18. g3 Qd6 19. Bf1 a6 20. Qb3 Rab8 21. Bg2 Ne6 22. Rd2 Rbc8 23. Qd1 b5 24. h4 Rc4 25. b3 Rc7 26. Rdc2 b4 27. Ne2 Rxc2 28. Rxc2 Bc8 29. Nh2 h5 30. Nf1 Bb7 31. Ne3 Kh7 32. Bf3 Bg7 33. Qd3 Kg8 34. Ng2 Qb6 35. Ngf4 Bxd4 36. Nxd5 Bxd5 37. Bxd5 Bxf2+ 38. Kg2 Bc5 39. Qf3 Kg7 40. Bc4 Re7 41. Qd5 Be3 42. Qe5+ Kh7 43. Kh2 Qa7 44. Qa5 Bd2 45. Qd5 Bh6 46. Kg2 Ng7 47. Bd3 Re3 48. Rc6 Qe7 49. Qc4 Qd7 50. Nc1 Ne6 51. Kf2 Re5 52. Ne2 Nc5 0-1

[Event "Dortmund"]
[Site "?"]
[Date "1992.??.??"]
[Round "?"]
[White "Huebner, R."]
[Black "Ivanchuk, V."]
[Result "1/2-1/2"]
[WhiteElo "2615"]
[BlackElo "2720"]
[PlyCount "52"]
[EventDate "1992.??.??"]
[Source "ChessBase"]
[SourceDate "1992.02.01"]

1. d4 d5 2. c4 e6 3. Nc3 Nf6 4. Bg5 Be7 5. e3 O-O 6. Nf3 h6 7. Bh4 b6 8. Be2 Bb7 9. Bxf6 Bxf6 10. cxd5 exd5 11. b4 c5 12. bxc5 bxc5 13. Rb1 Bc6 14. O-O Nd7 15. Bb5 Qc7 16. Qd2 Rab8 17. Bxc6 Qxc6 18. dxc5 Bxc3 19. Qxc3 Qxc5 20. Qxc5 Nxc5 21. Nd4 Rfc8 22. f3 g6 23. Rxb8 Rxb8 24. Nc6 Re8 25. Kf2 Nd3+ 26. Ke2 Nf4+ 1/2-1/2

[Event "Batumi"]
[Site "?"]
[Date "1999.??.??"]
[Round "?"]
[White "Gelfand, B."]
[Black "Beliavsky, A."]
[Result "1/2-1/2"]
[WhiteElo "2710"]
[BlackElo "2615"]
[PlyCount "160"]
[EventDate "1999.??.??"]
[Source "Chess Informant"]
[SourceDate "1999.10.01"]

1. d4 Nf6 2. c4 e6 3. Nf3 d5 4. Nc3 Be7 5. Bg5 h6 6. Bh4 O-O 7. e3 b6 8. Bd3 Bb7 9. O-O Nbd7 10. Bg3 dxc4 11. Bxc4 c5 12. Qe2 cxd4 13. Nxd4 a6 14. a4 Bb4 15. Na2 Bc5 16. Rfd1 Qe7 17. b4 Bxd4 18. Rxd4 Ne4 19. Qd1 Ndf6 20. Be5 b5 21. Bf1 Rfd8 22. f3 Rxd4 23. Qxd4 Rd8 24. Qb2 Nd2 25. Be2 Nc4 26. Bxc4 bxc4 27. Rc1 Rd3 28. Bxf6 Qxf6 29. Qxf6 gxf6 30. e4 Bc6 31. Nc3 Kf8 32. b5 axb5 33. axb5 Bd7 34. b6 Bc6 35. Ne2 Rb3 36. Rxc4 Rxb6 37. Nf4 Bd7 38. Nh5 Ke7 39. Rc7 Rb5 40. Nxf6 Kxf6 41. Rxd7 Rb2 42. Ra7 Rc2 43. h3 Kg7 44. Kh2 Rb2 45. Kg3 Rc2 46. Ra5 Rb2 47. h4 Rc2 48. h5 Rb2 49. f4 Rb4 50. Kf3 Rb3+ 51. Kg4 Rb4 52. e5 Rb2 53. Kh3 Rb3+ 54. g3 Rc3 55. Ra2 Rb3 56. Kg2 Rc3 57. Re2 Ra3 58. g4 Rb3 59. f5 exf5 60. gxf5 Kf8 61. Ra2 Re3 62. Ra5 Kg8 63. Ra8+ Kg7 64. Re8 Re2+ 65. Kg3 Re1 66. Kf4 Kh7 67. Re7 Kg8 68. Re8+ Kg7 69. f6+ Kh7 70. Re7 Kg8 71. Re8+ Kh7 72. Re7 Kg8 73. Ra7 Rh1 74. Ke4 Rd1 75. Ra8+ Kh7 76. Ra7 Kg8 77. Ra8+ Kh7 78. Ra3 Kg8 79. Ra2 Rd8 80. Ra7 Rd1 1/2-1/2

[Event "Brussels World Cup"]
[Site "?"]
[Date "1988.??.??"]
[Round "?"]
[White "Karpov, Anatoly"]
[Black "Portisch, Lajos"]
[Result "1/2-1/2"]
[WhiteElo "2715"]
[BlackElo "2610"]
[PlyCount "116"]
[EventDate "1988.??.??"]
[Source "www.chesslib.no"]
[SourceDate "2004.05.04"]

1. d4 Nf6 2. c4 e6 3. Nf3 d5 4. Bg5 Be7 5. Nc3 O-O 6. e3 h6 7. Bh4 b6 8. Bd3 Bb7 9. O-O Nbd7 10. Qe2 c5 11. Rfd1 Ne4 12. Bg3 Nxg3 13. hxg3 cxd4 14. exd4 dxc4 15. Bxc4 Nf6 16. Ne5 Bb4 17. Qd3 Bxc3 18. bxc3 Rc8 19. Bb3 Be4 20. Qe3 b5 21. Rdc1 Qb6 22. g4 Rc7 23. a4 a6 24. axb5 axb5 25. f4 Bb7 26. g5 hxg5 27. fxg5 Ne4 28. Rab1 Qd6 29. Bd1 Rfc8 30. c4 Nxg5 31. Rxb5 f6 32. c5 Qd8 33. Nc4 Qd5 34. Rb2 Rd8 35. Rd2 Qe4 36. Rc3 Qh4 37. Bc2 Ra8 38. Ra3 Rxa3 39. Nxa3 Rc8 40. Bb3 Qg4 41. Bd1 Qh4 42. Nc2 Kf7 43. d5 Bxd5 44. Rd4 Be4 45. Ne1 Qh7 46. Bg4 Qg6 47. Nd3 Bc6 48. Nf4 Qb1+ 49. Rd1 Qe4 50. Rd2 Qb1+ 51. Rd1 Qa2 52. Rd2 Qb1+ 53. Rd1 Qe4 54. Qxe4 Bxe4 55. Rd7+ Kf8 56. Nxe6+ Nxe6 57. Bxe6 Rxc5 58. Rf7+ Ke8 1/2-1/2

[Event "NED-ch op 5'"]
[Site "?"]
[Date "2002.02.15"]
[Round "?"]
[White "Sokolov Ivan"]
[Black "Vaganian Rafael Agred"]
[Result "1-0"]
[WhiteElo "2655"]
[BlackElo "2660"]
[PlyCount "53"]
[EventDate "2002.??.??"]
[Source "www.chesslib.no"]
[SourceDate "2004.05.04"]

1. d4 d5 2. c4 e6 3. Nc3 Be7 4. Nf3 Nf6 5. Bg5 h6 6. Bh4 O-O 7. e3 b6 8. Bxf6 Bxf6 9. cxd5 exd5 10. Qb3 Be6 11. Rd1 Nc6 12. Be2 Ne7 13. O-O c5 14. dxc5 bxc5 15. Qc2 Qa5 16. Na4 c4 17. Nc3 Bf5 18. Qd2 Bxc3 19. bxc3 Rab8 20. Nd4 Be4 21. f3 Bg6 22. f4 Be4 23. Bf3 Bxf3 24. Rfe1 Bxd1 25. Rxd1 Qxa2 26. f5 Rb2 27. Qe1 1-0

[Event "Linares"]
[Site "?"]
[Date "1995.??.??"]
[Round "?"]
[White "Akopian, V."]
[Black "Short, N."]
[Result "1/2-1/2"]
[WhiteElo "2655"]
[BlackElo "2655"]
[PlyCount "79"]
[EventDate "1995.??.??"]
[Source "ChessBase"]
[SourceDate "1995.02.01"]

1. Nf3 d5 2. c4 e6 3. d4 Nf6 4. Nc3 Be7 5. Bg5 O-O 6. e3 h6 7. Bh4 b6 8. Rc1 Bb7 9. Bxf6 Bxf6 10. cxd5 exd5 11. b4 c5 12. bxc5 bxc5 13. dxc5 Nd7 14. Nb5 Rc8 15. Be2 Nxc5 16. O-O a6 17. Nbd4 g6 18. Qd2 Qe7 19. Qa5 Rfe8 20. Rb1 Kg7 21. Rb6 Rc7 22. h4 h5 23. Ng5 Bxd4 24. exd4 Ne4 25. Bf3 Rec8 26. Qb4 Qxb4 27. Rxb4 Nd2 28. Rd1 Rc1 29. Be2 Rxd1+ 30. Bxd1 Rc7 31. Rb2 Ne4 32. Nxe4 dxe4 33. Kh2 Bd5 34. Kg3 Rc4 35. Rd2 Rc3+ 36. Kf4 f6 37. Rb2 Rd3 38. Bb3 Bxb3 39. Rxb3 Rxd4 40. Ra3 1/2-1/2